[Event "AUTO-OPEN-1088"]
[Site "http://www.queenalice.com/game.php?id=385665"]
[Date "2008.4.11"]
[Round "1"]
[White "Chesswoman"]
[Black "Darkclouds"]
[Result "1-0"]
[WhiteElo "1500"]
[BlackElo "1957"]

1. Nf3 Nf6 2. c4 g6 3. d4 Bg7 4. Nc3 d6 5. e4 Nbd7 6. Bd3 O-O 7. O-O e5 8. dxe5
dxe5 9. h3 Nc5 10. Bc2 Re8 11. Qxd8 Rxd8 12. Nxe5 Be6 13. Bg5 Rd4 14. Be3 Bxc4
15. Bxd4 Bxf1 16. Rxf1 Ne6 17. Nf3 Nxd4 18. Nxd4 Nxe4 19. Bxe4 Bxd4 20. Nb5 Bxb2
21. Rb1 Be5 22. Bxb7 Rb8 23. Nxa7 c5 24. Nc6 1-0

[Event "AUTO-OPEN-1088"]
[Site "http://www.queenalice.com/game.php?id=385688"]
[Date "2008.4.11"]
[Round "1"]
[White "diego2907"]
[Black "Chesswoman"]
[Result "0-1"]
[WhiteElo "1651"]
[BlackElo "1775"]

1. e4 e5 2. Bc4 Nf6 3. Nf3 Nxe4 4. Qe2 d5 5. Bb3 f6 6. Nh4 g6 7. d4 exd4 8. f3
f5 9. Nxf5 Bxf5 10. O-O Bc5 11. Kh1 Qe7 12. fxe4 dxe4 13. Bf4 e3 14. a3 Nc6 0-1

[Event "AUTO-OPEN-1088"]
[Site "http://www.queenalice.com/game.php?id=385689"]
[Date "2008.4.11"]
[Round "1"]
[White "Chesswoman"]
[Black "diego2907"]
[Result "1-0"]
[WhiteElo "1814"]
[BlackElo "1651"]

1. e4 e5 2. f3 d5 3. d4 f6 4. dxe5 fxe5 5. Qxd5 Qxd5 6. exd5 Bc5 7. Nc3 Bf5 8.
Bd3 Bxd3 9. cxd3 Nd7 10. f4 O-O-O 11. Nge2 exf4 12. Nxf4 Ngf6 13. Kd1 a6 14. Ne6
1-0

[Event "AUTO-OPEN-1088"]
[Site "http://www.queenalice.com/game.php?id=385704"]
[Date "2008.4.11"]
[Round "1"]
[White "Chesswoman"]
[Black "saavik"]
[Result "1-0"]
[WhiteElo "1844"]
[BlackElo "1735"]

1. d4 d5 2. c4 c6 3. cxd5 Qxd5 4. Nc3 Qa5 5. Nf3 f6 6. e4 Na6 7. Bc4 b5 8. Bb3
Nh6 9. Bxh6 gxh6 10. Ne5 fxe5 11. Qh5+ Kd8 12. Qxe5 Rg8 13. Bxg8 Qc7 14. Bxh7
Nb4 15. Qxc7+ Kxc7 16. e5 Nc2+ 17. Bxc2 Be6 18. O-O Rd8 19. Rfd1 b4 20. Ne4 Bg7
21. Nc5 Bd5 22. Na6+ Kb6 23. Nxb4 Bc4 24. Rac1 a5 25. Nxc6 Kxc6 26. Bb3 Kb6 27.
Rxc4 Rd5 28. Rc8 Rb5 29. Rb8+ Ka6 30. Bc4 1-0

[Event "AUTO-OPEN-1088"]
[Site "http://www.queenalice.com/game.php?id=385705"]
[Date "2008.4.11"]
[Round "1"]
[White "saavik"]
[Black "Chesswoman"]
[Result "0-1"]
[WhiteElo "1735"]
[BlackElo "1617"]

1. d4 Nf6 2. Nc3 d5 3. Nf3 e6 4. Bf4 Bb4 5. Ne5 Ne4 6. Be3 Nxc3 7. bxc3 Bxc3+ 8.
Bd2 Bxd4 9. f4 Bxa1 10. Qxa1 O-O 11. Bb4 c5 12. Bd2 Nd7 13. Nf3 Nf6 14. Be3 Ne4
15. Ng5 Qa5+ 16. Kd1 Rd8 17. Qe5 d4 18. Nxe4 dxe3+ 19. Kc1 Qe1+ 20. Kb2 Qb4+ 21.
Kc1 Rd1+ 22. Kxd1 Qb1# 0-1

[Event "Challenge"]
[Site "http://www.queenalice.com/game.php?id=385756"]
[Date "2008.4.11"]
[Round "-"]
[White "Chesswoman"]
[Black "choquito"]
[Result "1-0"]
[WhiteElo "1500"]
[BlackElo "1104"]

1. e4 b5 2. Bxb5 c6 3. Be2 a6 4. Nf3 h5 5. O-O Qb6 6. Ng5 e5 7. Bxh5 g6 8. Qf3
Rxh5 9. Qxf7+ Kd8 10. Qxf8+ Kc7 11. Nf7 Nf6 12. Qd8+ Kb7 13. Nd6+ Ka7 14. Nxc8+
Kb7 15. Nxb6 Ra7 16. Nc3 Rg5 17. Nca4 a5 18. Nc5# 1-0

[Event "Challenge"]
[Site "http://www.queenalice.com/game.php?id=388553"]
[Date "2008.4.16"]
[Round "-"]
[White "Chesswoman"]
[Black "MarcD"]
[Result "1/2-1/2"]
[WhiteElo "1852"]
[BlackElo "1961"]

1. e4 c5 2. Nf3 Nc6 3. d4 cxd4 4. Nxd4 Nf6 5. Nc3 d6 6. Bc4 Bd7 7. O-O g6 8.
Nxc6 Bxc6 9. Nd5 Bg7 10. Bg5 Bxd5 11. exd5 O-O 12. Re1 Re8 13. Bb5 Rf8 14. c4 a6
15. Ba4 Rb8 16. Qb3 h6 17. Bxf6 Bxf6 18. Qb4 Qc7 19. Rad1 Rfc8 20. Re4 Qc5 21.
Qxc5 Rxc5 22. b4 Rc7 23. b5 axb5 24. Bxb5 Rbc8 25. Rde1 Ra8 26. a4 Kg7 27. Kf1
Rh8 28. R1e3 h5 29. Kg1 g5 30. Rf3 Be5 31. Re2 Kg6 32. Rfe3 Rg8 33. Rd3 f5 34.
Rc2 f4 35. g3 fxg3 36. hxg3 g4 37. Rc1 1/2-1/2

[Event "Challenge"]
[Site "http://www.queenalice.com/game.php?id=392935"]
[Date "2008.4.24"]
[Round "-"]
[White "Chesswoman"]
[Black "Admilton"]
[Result "1-0"]
[WhiteElo "1501"]
[BlackElo "1563"]

1. c4 d6 2. d4 e6 3. Qa4+ Bd7 4. Qb3 Bc6 5. d5 exd5 6. cxd5 Bb5 7. Qxb5+ Nd7 8.
Qxb7 Nb6 9. Nc3 Nf6 10. e4 c5 11. dxc6 Qe7 12. c7 Qd7 13. Bb5 Be7 14. Bxd7+ Kxd7
15. c8=Q# 1-0

[Event "Challenge"]
[Site "http://www.queenalice.com/game.php?id=394791"]
[Date "2008.4.28"]
[Round "-"]
[White "AloizioAndrade"]
[Black "Chesswoman"]
[Result "0-1"]
[WhiteElo "1769"]
[BlackElo "1859"]

1. e4 e5 2. Nf3 Nf6 3. Nc3 Nc6 4. Bb5 Bb4 5. d3 d6 6. a3 Bxc3+ 7. bxc3 O-O 8.
Bxc6 bxc6 9. Bg5 Re8 10. O-O Rb8 11. h3 d5 12. exd5 cxd5 13. Qe2 Qd6 14. Bxf6
gxf6 15. Nh4 Qc6 16. Qd2 Qa4 17. Ra2 Qxh4 18. Qe3 Rb6 19. Raa1 Qa4 20. Rfc1 Rc6
21. Qd2 Qa5 22. Qe3 Rxc3 23. Qd2 Qc5 24. a4 Re6 25. Ra2 Rc6 26. Rb1 Bd7 27. Qh6
Rb6 28. Re1 Rxc2 29. Rxc2 Qxc2 30. Rc1 Qxd3 31. Rxc7 Qd1+ 32. Kh2 Qxa4 33. Qe3
d4 34. Qe4 Ra6 35. Qd3 Be6 36. Re7 Qc6 37. Qd2 Ra2 38. Qe1 d3 39. f3 d2 40. Qd1
Qc1 41. Qe2 d1=Q 42. Qe4 Qg1+ 43. Kg3 Qxg2+ 0-1

[Event "Challenge"]
[Site "http://www.queenalice.com/game.php?id=395444"]
[Date "2008.4.29"]
[Round "-"]
[White "Marso"]
[Black "Chesswoman"]
[Result "1/2-1/2"]
[WhiteElo "1715"]
[BlackElo "1862"]

1. e4 c5 2. Nf3 d6 3. d4 cxd4 4. Nxd4 Nf6 5. Nc3 Nc6 6. Bg5 e6 7. Nxc6 bxc6 8.
Qf3 Be7 9. O-O-O O-O 10. e5 Nd5 11. Bxe7 Qxe7 12. exd6 Qxd6 13. Ne4 Qe5 14. Bc4
Rb8 15. c3 Rb6 16. Rd2 Rd8 17. h4 f5 18. Nc5 Qd6 19. Nd3 Ba6 20. Bxa6 Rxa6 21.
Nb4 Ra4 22. b3 Ra5 23. Re1 Rd7 24. g4 g6 25. h5 Re7 26. hxg6 hxg6 27. gxf5 gxf5
28. Kb2 Kf8 29. Nc2 Qf4 30. Qxf4 Nxf4 31. Nd4 Rd5 32. Kc2 Rd6 33. Nf3 Rxd2+ 34.
Kxd2 Rd7+ 35. Kc2 Rd6 36. Rd1 Rxd1 37. Kxd1 Ke7 38. Kd2 1/2-1/2

[Event "Challenge"]
[Site "http://www.queenalice.com/game.php?id=399311"]
[Date "2008.5.7"]
[Round "-"]
[White "Kingfish"]
[Black "Chesswoman"]
[Result "0-1"]
[WhiteElo "1645"]
[BlackElo "1720"]

1. e4 d5 2. exd5 Qxd5 3. Nc3 Qa5 4. Nf3 Nd7 5. Be2 Ngf6 6. O-O e5 7. d3 Bd6 8.
Bd2 O-O 9. Ne4 Qb6 10. Rb1 Nxe4 11. dxe4 Nf6 12. Bd3 Be6 13. h3 Bxa2 14. Ra1
Qxb2 15. c3 Nd7 16. Ne1 Nc5 17. Qc1 Qxc1 18. Bxc1 Nxd3 19. Nxd3 Bc4 20. Rd1 Bxd3
21. Rxd3 f5 22. f3 fxe4 23. fxe4 Bc5+ 24. Kh1 Rf1+ 25. Kh2 Re1 26. c4 Rxe4 27.
Ba3 Rxc4 28. Rd5 Bxa3 29. Rxa3 e4 30. Re5 Kf7 31. Raa5 c6 32. Rf5+ Ke6 33. Rae5+
Kd6 34. Re7 Kxe7 35. Rf4 b5 36. Rf2 e3 37. Re2 Re4 0-1

[Event "One more chance"]
[Site "http://www.queenalice.com/game.php?id=403584"]
[Date "2008.5.15"]
[Round "-"]
[White "Admilton"]
[Black "Chesswoman"]
[Result "0-1"]
[WhiteElo "1608"]
[BlackElo "1842"]

1. e4 e6 2. e5 Nc6 3. d4 f6 4. Nf3 fxe5 5. Nxe5 Nf6 6. Be2 Bd6 7. Ng4 Nxg4 8.
Bxg4 Qh4 9. g3 Qf6 10. Qf3 Qxf3 11. Bxf3 Nxd4 12. Be4 Bc5 13. Be3 O-O 14. c3
Nf3+ 15. Ke2 Bxe3 16. Bxf3 Bh6 17. Na3 d5 18. Rhe1 Rf5 19. Bg2 Re5+ 20. Kf1
Rxe1+ 21. Rxe1 Bd7 22. Bh3 Re8 23. b4 Bd2 24. Rb1 Bxc3 25. Nc2 d4 26. a3 Ba4 27.
Ne1 d3 28. Nxd3 Bc2 29. Rc1 Bxd3+ 30. Kg1 Be5 31. Re1 Bb2 32. Re3 Bc4 33. a4 Bd4
34. Re4 e5 35. Bf1 Bb3 36. a5 Rf8 37. Re2 Bc4 38. Rc2 Bxf1 39. Kxf1 Rf3 40. Kg2
Rc3 41. Rd2 Rb3 42. Rc2 Rxb4 43. Rxc7 Rb2 44. Rd7 Kf8 45. a6 Rxf2+ 46. Kh3 bxa6
0-1

[Event "Challenge"]
[Site "http://www.queenalice.com/game.php?id=404221"]
[Date "2008.5.17"]
[Round "-"]
[White "Chesswoman"]
[Black "isidoro"]
[Result "1-0"]
[WhiteElo "1873"]
[BlackElo "1572"]

1. e4 d5 2. exd5 Qxd5 3. Nc3 Qe5+ 4. Be2 Nf6 5. Nf3 Qc5 6. d4 Qc6 7. Bb5 Bd7 8.
Bxc6 Bxc6 9. O-O e6 10. Bg5 Nbd7 11. Bxf6 Nxf6 12. Ne5 Bd5 13. Nxd5 Nxd5 14. c4
Nb6 15. Qh5 g6 16. Qf3 O-O-O 17. Nxf7 1-0

[Event "Challenge"]
[Site "http://www.queenalice.com/game.php?id=417414"]
[Date "2008.6.14"]
[Round "-"]
[White "Chesswoman"]
[Black "Kingfish"]
[Result "1-0"]
[WhiteElo "1882"]
[BlackElo "1691"]

1. e4 e5 2. f4 Nc6 3. Ne2 d6 4. Nbc3 Nge7 5. d4 Bg4 6. dxe5 dxe5 7. Be3 exf4 8.
Bxf4 Bxe2 9. Bxe2 a6 10. Qxd8+ Rxd8 11. Bxc7 Rd7 12. Bb6 Nc8 13. Be3 Be7 14. Bg4
Rd8 15. O-O O-O 16. Nd5 Nd6 17. Bb6 Nxe4 18. Nxe7+ 1-0

[Event "Challenge"]
[Site "http://www.queenalice.com/game.php?id=417955"]
[Date "2008.6.15"]
[Round "-"]
[White "spacey"]
[Black "Chesswoman"]
[Result "0-1"]
[WhiteElo "1880"]
[BlackElo "1892"]

1. e4 e5 2. f4 Nf6 3. Nc3 d5 4. fxe5 Nxe4 5. Nxe4 dxe4 6. d4 Be7 7. Qe2 Qxd4 8.
c3 Qxe5 9. Be3 Nc6 10. Qc2 O-O 11. O-O-O Bg4 12. Be2 Bg5 13. Bxg4 Bxe3+ 14. Kb1
Rfd8 15. Rxd8+ Rxd8 16. Ne2 h5 17. Bh3 Rd2 18. Qb3 Na5 19. Qb4 Rxe2 20. Rd1 g5
21. g3 Rxh2 22. Bc8 Bd2 23. Bxb7 Nxb7 24. Qxb7 e3 25. Qc8+ Kg7 0-1

[Event "Challenge"]
[Site "http://www.queenalice.com/game.php?id=419084"]
[Date "2008.6.17"]
[Round "-"]
[White "Chesswoman"]
[Black "cardi"]
[Result "0-1"]
[WhiteElo "1911"]
[BlackElo "2098"]

1. f4 d5 2. Nf3 c5 3. b3 Nf6 4. e3 Bg4 5. Bb5+ Nbd7 6. O-O e6 7. Nc3 a6 8. Bxd7+
Qxd7 9. Na4 Qc7 10. Bb2 Be7 11. Be5 Qa5 12. h3 Bh5 13. g4 Bg6 14. Bc3 Qc7 15. g5
Nh5 16. Be5 Bd6 17. Bxd6 Qxd6 18. Kh2 b5 19. Nb2 d4 20. Ne5 O-O 21. Rg1 Rad8 22.
Nbd3 dxe3 23. dxe3 Qd5 24. Qe2 c4 25. bxc4 bxc4 26. Nb4 Qd2 27. Qxd2 Rxd2+ 28.
Rg2 Rxg2+ 29. Kxg2 Be4+ 30. Kf2 a5 31. Nbc6 Bxc6 32. Nxc6 a4 33. Rd1 g6 34. Rd4
Ra8 35. Rxc4 Kg7 36. Nd4 h6 37. Rc7 hxg5 38. Nxe6+ Kf6 39. Nxg5 Rf8 0-1

[Event "Challenge"]
[Site "http://www.queenalice.com/game.php?id=419540"]
[Date "2008.6.18"]
[Round "-"]
[White "Aguinaldo"]
[Black "Chesswoman"]
[Result "0-1"]
[WhiteElo "1777"]
[BlackElo "1876"]

1. e4 e6 2. d4 d5 3. e5 c5 4. Bb5+ Bd7 5. Qe2 Qa5+ 6. Nc3 cxd4 7. Bxd7+ Nxd7 8.
Qb5 Bb4 9. Qxa5 Bxa5 10. Bd2 dxc3 11. bxc3 Nxe5 12. Ne2 Nf6 13. O-O Ne4 14. Rfd1
Rc8 15. Rab1 Bb6 16. Rxb6 axb6 17. f3 Nxd2 18. Rxd2 Ra8 19. Nd4 Nc4 20. Rd3 O-O
21. Kf2 Rxa2 22. Kg3 Na3 23. Rd2 Rc8 0-1

[Event "Challenge"]
[Site "http://www.queenalice.com/game.php?id=419989"]
[Date "2008.6.19"]
[Round "-"]
[White "Chesswoman"]
[Black "Kingfish"]
[Result "1/2-1/2"]
[WhiteElo "1852"]
[BlackElo "1702"]

1. e4 Nf6 2. Bc4 d6 3. Nc3 g6 4. Nf3 Bg4 5. e5 dxe5 6. Bxf7+ Kxf7 7. Nxe5+ Kg7
8. Nxg4 Nc6 9. Nxf6 exf6 10. O-O Be7 11. Re1 Re8 12. d3 Nd4 13. Ne2 c5 14. Nxd4
Qxd4 15. Re4 Qd7 16. Bf4 Bd6 17. Bxd6 Qxd6 18. Qe2 Re5 19. Rxe5 Qxe5 20. Qxe5
fxe5 21. Re1 Re8 22. f4 Kf6 23. Kf2 Re6 24. Kf3 h5 25. g4 exf4 26. Rxe6+ Kxe6
1/2-1/2